Administration and economic development in India / (Record no. 71331)
[ view plain ]
| 000 -LEADER | |
|---|---|
| fixed length control field | 00776cam a22002171 4500 |
| 001 - CONTROL NUMBER | |
| control field | 8913454 |
| 003 - CONTROL NUMBER IDENTIFIER | |
| control field | BD-DhUL |
| 005 - DATE AND TIME OF LATEST TRANSACTION | |
| control field | 20190522101438.0 |
| 008 - FIXED-LENGTH DATA ELEMENTS--GENERAL INFORMATION | |
| fixed length control field | 720125s1963 ncua 000 0 eng |
| 040 ## - CATALOGING SOURCE | |
| Original cataloging agency | DLC |
| Transcribing agency | ODaWU |
| Modifying agency | OCoLC |
| -- | DLC |
| -- | BD-DhUL |
| 082 ## - DEWEY DECIMAL CLASSIFICATION NUMBER | |
| Classification number | 338.954 |
| Item number | BRA |
| 100 1# - MAIN ENTRY--PERSONAL NAME | |
| Personal name | Braibanti, Ralph J. D. |
| Relator term | ed. |
| 245 10 - TITLE STATEMENT | |
| Title | Administration and economic development in India / |
| Statement of responsibility, etc. | Ralph Braibanti... [et. al.]. edited by Ralph Braibanti and Joseph J. Spengler. |
| 260 ## - PUBLICATION, DISTRIBUTION, ETC. (IMPRINT) | |
| Place of publication, distribution, etc. | Durham, N.C. : |
| Name of publisher, distributor, etc. | Duke University Press, |
| Date of publication, distribution, etc. | 1963. |
| 300 ## - PHYSICAL DESCRIPTION | |
| Extent | vi, 312 p. : |
| Other physical details | ill. ; |
| Dimensions | 24 cm. |
| 490 0# - SERIES STATEMENT | |
| Series statement | Duke University Commonwealth-Studies Center publications ; |
| Volume/sequential designation | 18 |
| 500 ## - GENERAL NOTE | |
| General note | Includes index. |
| 651 #0 - SUBJECT ADDED ENTRY--GEOGRAPHIC NAME | |
| Geographic name | India |
| General subdivision | Economic policy. |
| 700 1# - ADDED ENTRY--PERSONAL NAME | |
| Personal name | Spengler, Joseph J. |
| Relator term | jt. ed. |
| 942 ## - ADDED ENTRY ELEMENTS (KOHA) | |
| Source of classification or shelving scheme | |
| Koha item type | Books |
| Price effective from | Date last seen | Permanent Location | Not for loan | Date acquired | Source of classification or shelving scheme | Koha item type | Lost status | Withdrawn status | Copy number | Source of acquisition | Collection code | Damaged status | Shelving location | Barcode | Current Location | Full call number |
|---|---|---|---|---|---|---|---|---|---|---|---|---|---|---|---|---|
| 2016-05-29 | 2016-05-29 | Dhaka University Library | 1973-07-24 | Books | 1 | Purchased | Non Fiction | General Stacks | A105212 | Dhaka University Library | 338.954 BRA | |||||
| 2016-05-31 | 2016-05-31 | Dhaka University Library | 2016-05-31 | Books | 2 | Purchased | Non Fiction | General Stacks | A39509 | Dhaka University Library | 338.954 BRA |
